| 000 | 00317 a2200133 4500 | ||
|---|---|---|---|
| 999 |
_c324845 _d324845 |
||
| 001 | 89772 | ||
| 003 | NUST | ||
| 082 | _a823.92 JAM | ||
| 100 |
_aJames E L _96614 |
||
| 245 |
_aFifty shades of Grey _cJames E L |
||
| 260 |
_aLondon _bArrow Books _c2012 |
||
| 300 | _aviii, 518p. | ||
| 500 | _aGeneral Books | ||
| 942 |
_aCAE NUST _cBK _k823.92 JAM _2ddc |
||